Biblioteca

Mama Panya´s Pancakes (Registro nro. 65303)

Detalles MARC
000 -LÍDER
Campo fijo de descripción fija 00688nam a2200217 i 4500
001 - NÚMERO DE CONTROL
Campo de control BINCO
003 - IDENTIFICADOR DEL NÚMERO DE CONTROL
Campo de control CO-MdBIC
005 - FECHA Y HORA DE LA ULTIMA TRANSACCIÓN
control field 20191112101450.0
008 - ELEMENTOS DE LONGITUD FIJA -- INFORMACIÓN GENERAL
Campo fijo de descripción fija -- Información general 191112t2005 xxua|||| |||| 00| 0 eng d
020 ## - NÚMERO INTERNACIONAL NORMALIZADO PARA LIBROS
Número Internacional Normalizado del libro 1905236646
040 ## - FUENTE DE CATALOGACIÓN
Agencia de catalogación original CO-MdBIC
Idioma de catalogación spa.
Agencia que realiza la transcripción CO-MdBIC
Agencia que realiza la modificación CO-MdBIC
041 ## - CÓDIGO DE IDIOMA
Código de idioma para texto/pista de sonido o título separado eng
082 ## - NÚMERO DE CLASIFICACIÓN DECIMAL DEWEY
Número de la edición del Dewey 22
Número de clasificación 813
Clave de autor-Numero de item C35m
100 ## - ASIENTO PRINCIPAL--NOMBRE PERSONAL
Nombre personal Chamberlin, Mary
Fechas asociadas con el nombre 1960-
245 1# - TÍTULO
Título del Material Mama Panya´s Pancakes
Parte restante del título - Subtitulo : A Village Tale from Kenya
Mención de responsabilidad, etc. / Mary and Rich Chamberlin ; ilustrado por Julia Cairns
264 #4 - PRODUCCIÓN, PUBLICACIÓN, DISTRIBUCIÓN, MANUFACTURA, Y COPYRIGHT
Lugar de producción, publicación, distribución, manufactura Cambridge :
Nombre del productor, publicador, distribuidor Barefoot Books,
Fecha de producción, publicación, distribución, manufactura, o copyright 2006
300 ## - DESCRIPCIÓN FÍSICA
Extensión [38 páginas] ;
Otros detalles físicos ilustraciones a color :
Dimensiones 25 cm.
700 ## - ASIENTO SECUNDARIO - NOMBRE PERSONAL
Nombre personal Chamberlin, Rich
Responsabilidad autor
700 ## - ASIENTO SECUNDARIO - NOMBRE PERSONAL
Nombre personal Cairns, Julia
Responsabilidad ilustrador
942 ## - TIPO DE MATERIAL (KOHA)
Tipo de Item KOHA Z- Libro General BINCO
Existencias
Estado de Material Estado de Perdido Forma de Clasificación Estado de Dañado No para Préstamo Colección Biblioteca de Origen Biblioteca Permanente Fecha de Adquisición Área Total de Préstamos Signatura Topográfica Código de Barras Última vez visto Última vez Préstado Ejemplar/Existencia Fecha de Remplazo Tipo de Material
    Dewey Decimal Classification     Colección General Biblioteca Infantil Comunitaria BINCO Biblioteca Infantil Comunitaria BINCO 12/11/2019 BINCO 1 813C C35m B32666 21/04/2022 19/04/2022 1 12/11/2019 Z- Libro General BINCO

Biblioteca FUSBC | Teléfono: (57+4) 349 88 10 Ext. 141| WhatsApp (+57) 3005338115 
E-mail: biblioteca@unisbc.edu.co | Calle 76 87-14 Robledo Palenque, Medellín, Colombia

Con tecnología Koha